| 000 | 00000nam##2200000za#4500 |
| 001 | 9.647980 |
| 003 | CaOODSP |
| 005 | 20230202144025 |
| 007 | ta |
| 008 | 150407|2001||||xxc||||| f|0| 0 eng|d |
| 020 | |a0-662-29745-8 |
| 040 | |aCaOODSP|beng |
| 043 | |an-cn--- |
| 086 | 1 |aH49-151/2000E |
| 110 | 2 |aNational Clearinghouse on Family Violence (Canada). |
| 245 | 10|aCanadian incidence study of reported child abuse and neglect / |cby Nico Trocmé et al. |
| 260 | |aOttawa - Ontario : |bHealth Canada. |c2001. |
| 300 | |axxix, 180p. : |bgraphs, tables ; |c28 cm. |
| 500 | |a"The primary objective of the CIS is to provide reliable estimates of the scope and characteristics of child abuse and neglect investigated by child welfare services across Canada."--Executive summary. |
| 563 | |aSpiral binding |
| 590 | |a01-17|b2001-04-27 |
| 690 | 07|aViolence against children|2gcpds |
| 690 | 07|aChild care|2gcpds |
| 690 | 07|aChild safety|2gcpds |
| 690 | 07|aSocial services|2gcpds |
| 720 | 1 |aTrocmé, Nico |
| 775 | 08|tÉtude canadienne sur l'incidence des signalements de cas de violence et de négligence envers les enfants / |w(CaOODSP)9.681367 |
| 776 | 0#|tCanadian incidence study of reported child abuse and neglect, final report / |w(CaOODSP)9.693818 |